[Event "C.to Europeo U10"]
[Site "Budva MNE"]
[Date "2013.10.06"]
[Round "7"]
[White "Arkhipkin, Ilya"]
[Black "Russo, Leonardo"]
[Result "0-1"]
[WhiteElo "1918"]
[BlackElo "1605"]
[PlyCount "51"]
[EventDate "2013.09.29"]

1. e4 e6 2. Nf3 d5 3. Nc3 c5 4. exd5 exd5 5. Bb5+ Nc6 6. Qe2+ Be7 7. Ne5 Bd7 8.
Nxd5 Rc8 9. Nxd7 Qxd7 10. Nxe7 Ngxe7 11. c3 O-O 12. O-O Rfe8 13. Qh5 a6 14. Bc4
Ng6 15. f4 Qd6 16. g3 Re7 17. Qf3 Rce8 18. a3 Na5 19. Ba2 c4 20. Rb1 Re2 21. b4
cxb3 22. Bxb3 Qb6+ 23. d4 Nxb3 24. Qd5 Qa5 25. Qxb3 Qh5 26. h4 0-1

[Event "C.to Europeo U10"]
[Site "Budva MNE"]
[Date "2013.10.07"]
[Round "8"]
[White "Russo, Leonardo"]
[Black "Henderson De La Fuente, Lance"]
[Result "1-0"]
[WhiteElo "1605"]
[BlackElo "1649"]
[PlyCount "101"]
[EventDate "2013.09.29"]

1. e4 e5 2. Nf3 Nc6 3. c3 d5 4. Qa4 f6 5. Bb5 Nge7 6. exd5 Qxd5 7. O-O Be6 8.
d4 e4 9. Nfd2 Bd7 10. Bc4 Qf5 11. Qc2 Na5 12. Na3 Nxc4 13. Naxc4 O-O-O 14. Nxe4
Bc6 15. f3 Bb5 16. Ne3 Qd7 17. Re1 Nd5 18. Nxd5 Qxd5 19. Nd2 Bd6 20. a4 Bd7 21.
Ne4 Be7 22. Be3 g5 23. b4 g4 24. Qe2 Rhg8 25. Nd2 Bd6 26. g3 Qh5 27. f4 Bc6 28.
b5 Bf3 29. Qf1 Rde8 30. c4 Rxe3 31. Rxe3 Bxf4 32. gxf4 g3 33. Nxf3 gxh2+ 34.
Kh1 Rg3 35. Ra2 Qg6 36. Rxh2 b6 37. Rg2 Qh6+ 38. Kg1 Rh3 39. Rh2 Rg3+ 40. Kf2
Rxf3+ 41. Rxf3 Qxh2+ 42. Ke3 Qc2 43. Qd3 Qxa4 44. Ke4 Qb4 45. Rf1 Qe7+ 46. Kf3
Qe6 47. f5 Qf7 48. Rh1 Qg7 49. Qe4 Kb8 50. Qe3 Qf7 51. Qe6 1-0

[Event "C.to Europeo U10"]
[Site "Budva MNE"]
[Date "2013.10.08"]
[Round "9"]
[White "Budisavljevic, Luka"]
[Black "Russo, Leonardo"]
[Result "1-0"]
[WhiteElo "1597"]
[BlackElo "1605"]
[PlyCount "97"]
[EventDate "2013.09.29"]

1. d4 d5 2. Nf3 e6 3. c4 Nf6 4. Nc3 c6 5. Bg5 Nbd7 6. e3 Qa5 7. Qb3 Ne4 8. Bf4
Bb4 9. Rc1 O-O 10. a3 Bxc3+ 11. bxc3 Ndf6 12. Bd3 Re8 13. Qb4 Qd8 14. O-O b6
15. cxd5 exd5 16. Qa4 b5 17. Qc2 Bf5 18. Ne5 Bd7 19. Qb2 a5 20. Bb1 Qe7 21.
Rfd1 Nd6 22. Bg5 Rad8 23. Qe2 Nc4 24. Nxc4 bxc4 25. Qa2 h6 26. Bh4 Rb8 27. Bc2
Qe6 28. Bxf6 Qxf6 29. Rb1 Bf5 30. Rxb8 Rxb8 31. Rb1 Rxb1+ 32. Qxb1 Bxc2 33.
Qxc2 Qg6 34. Qxg6 fxg6 35. f3 Kf7 36. e4 Ke6 37. Kf2 a4 38. Ke3 g5 39. e5 g6
40. h3 Kf5 41. g3 Ke6 42. g4 Kf7 43. f4 gxf4+ 44. Kxf4 Ke6 45. h4 Ke7 46. h5
g5+ 47. Kf5 Kf7 48. e6+ Ke7 49. Ke5 1-0

[Event "C.to Europeo U10 femminile"]
[Site "Budva MNE"]
[Date "2013.09.29"]
[Round "1"]
[White "Sabiani, Chjara"]
[Black "Pannella, Maria Cristina"]
[Result "1-0"]
[WhiteElo "1467"]
[BlackElo "1458"]
[PlyCount "29"]
[EventDate "2013.09.29"]

1. e4 e6 2. d4 d5 3. Nc3 Bb4 4. e5 c5 5. a3 Bxc3+ 6. bxc3 Qa5 7. Qd2 Nc6 8. Nf3
Nge7 9. Bd3 cxd4 10. cxd4 Qb6 11. O-O Nxd4 12. Nxd4 Bd7 13. Qb4 Qc7 14. Bb2 O-O
15. Qxe7 1-0

[Event "C.to Europeo U10 femminile"]
[Site "Budva MNE"]
[Date "2013.10.03"]
[Round "5"]
[White "Davidson, Laura"]
[Black "Pannella, Maria Cristina"]
[Result "1/2-1/2"]
[WhiteElo "1316"]
[BlackElo "1458"]
[PlyCount "81"]
[EventDate "2013.09.29"]

1. e4 e5 2. Nf3 Nc6 3. Bc4 Nf6 4. Ng5 d5 5. exd5 b5 6. dxc6 bxc4 7. Nc3 Qd6 8.
Qe2 Be6 9. O-O Ng4 10. h3 h5 11. f3 e4 12. f4 Qd4+ 13. Kh1 Nf6 14. Ngxe4 Nxe4
15. Qxe4 Qxe4 16. Nxe4 Bd5 17. Re1 O-O-O 18. Nc3 Bxc6 19. b3 cxb3 20. axb3 Kb7
21. Bb2 Rxd2 22. Ne4 Rxc2 23. Bd4 f5 24. Nf2 Rg8 25. Rxa7+ Kb8 26. Ra6 Bb4 27.
Rg1 Rd8 28. Rd1 Kc8 29. Raa1 Bc3 30. Bxc3 Rxc3 31. Rxd8+ Kxd8 32. Rd1+ Ke7 33.
Re1+ Kf6 34. Rb1 Rg3 35. Rg1 Rxb3 36. Rc1 Bd5 37. Rc5 c6 38. Rc1 Rb2 39. Kg1
Rb4 40. g3 Rc4 41. Rb1 1/2-1/2

[Event "C.to Europeo U10 femminile"]
[Site "Budva MNE"]
[Date "2013.10.05"]
[Round "6"]
[White "Pannella, Maria Cristina"]
[Black "Gospodaru, Teodora"]
[Result "1-0"]
[WhiteElo "1458"]
[BlackElo "1367"]
[PlyCount "67"]
[EventDate "2013.09.29"]

1. e4 e5 2. Nf3 Nc6 3. Bc4 Nf6 4. Ng5 Nxe4 5. Bxf7+ Ke7 6. d3 Nf6 7. Bb3 d5 8.
O-O h6 9. Nf3 Kf7 10. Re1 Bd6 11. Nc3 Be6 12. Qe2 Re8 13. Ba4 Bd7 14. Bb3 Be6
15. Bd2 Kg8 16. Nb5 Bf7 17. Nxd6 cxd6 18. c3 Rc8 19. Rac1 b5 20. a4 Na5 21. Bc2
a6 22. axb5 axb5 23. Nh4 Bh5 24. Nf3 e4 25. dxe4 dxe4 26. Qxb5 Rc5 27. Qa4 exf3
28. b4 Rxe1+ 29. Rxe1 Rc4 30. Qxa5 Qxa5 31. bxa5 Rg4 32. g3 Rg5 33. Bxg5 hxg5
34. a6 1-0

[Event "C.to Europeo U10 femminile"]
[Site "Budva MNE"]
[Date "2013.10.06"]
[Round "7"]
[White "Chekletsova, Darya"]
[Black "Pannella, Maria Cristina"]
[Result "1-0"]
[WhiteElo "1497"]
[BlackElo "1458"]
[PlyCount "111"]
[EventDate "2013.09.29"]

1. d4 Nf6 2. c4 g6 3. Nc3 Bg7 4. e4 d6 5. f3 O-O 6. Be3 e5 7. d5 Nbd7 8. Nge2
a5 9. Qd2 Nc5 10. g4 Ne8 11. h4 f5 12. gxf5 gxf5 13. Bg5 Nf6 14. Ng3 h6 15.
Bxh6 f4 16. Bxg7 Kxg7 17. Nge2 a4 18. Rg1+ Kf7 19. Nc1 Nh5 20. Rg5 Ng3 21. Qh2
Rh8 22. Bh3 Bxh3 23. Rxg3 fxg3 24. Qxh3 Qxh4 25. Qf5+ Ke7 26. N1e2 Qh1+ 27. Kd2
Qxa1 28. Qg5+ Ke8 29. Qg6+ Kd7 30. Qf5+ Ke7 31. Qg5+ Kf7 32. Qf5+ Kg7 33. Qg5+
Kf7 34. Qf5+ Ke8 35. Qg6+ Kd8 36. Qf6+ Kc8 37. Qxh8+ Kd7 38. Qg7+ Kd8 39. Qf8+
Kd7 40. Qf7+ Kd8 41. Qg8+ Ke7 42. Qxa8 Qxb2+ 43. Kd1 Qb4 44. Qg8 Nd7 45. Qg7+
Ke8 46. Qxg3 Qxc4 47. Qh3 Qd3+ 48. Ke1 Qe3 49. Nxa4 Qg5 50. Qg4 Qxg4 51. fxg4
Nf6 52. Ng3 Nxg4 53. Ke2 Ke7 54. Kf3 Nf6 55. Nc3 Nd7 56. Nb5 1-0

[Event "C.to Europeo U10 femminile"]
[Site "Budva MNE"]
[Date "2013.10.07"]
[Round "8"]
[White "Pannella, Maria Cristina"]
[Black "Cristache, Ana-Maria"]
[Result "0-1"]
[WhiteElo "1458"]
[BlackElo "1524"]
[PlyCount "134"]
[EventDate "2013.09.29"]

1. e4 d5 2. exd5 Qxd5 3. Nc3 Qd6 4. Nf3 Bg4 5. Nb5 Qd8 6. h3 Bh5 7. Be2 c6 8.
Nc3 Nf6 9. d4 e6 10. Bf4 Bb4 11. Qd3 Bg6 12. Qc4 Qa5 13. Rc1 Bxc3+ 14. bxc3 O-O
15. O-O Nbd7 16. Qb4 Qb6 17. Bd6 Rfe8 18. Nh4 Rad8 19. Nxg6 hxg6 20. Rb1 Qxb4
21. Rxb4 Ne4 22. Bc7 Nxc3 23. Bc4 Rc8 24. Rxb7 Nd5 25. Ba5 N7b6 26. Ba6 Rc7 27.
Rxc7 Nxc7 28. Bb7 Ncd5 29. Bxc6 Rc8 30. Bxd5 Nxd5 31. Rc1 Nc3 32. Bxc3 Rxc3 33.
Kf1 Kf8 34. Ke2 Ke7 35. Kd2 Ra3 36. Ra1 Ra6 37. a4 Rc6 38. Kd3 Kd6 39. c4 Rc7
40. c5+ Kd5 41. Rb1 f6 42. a5 Rd7 43. a6 Kc6 44. Rb4 e5 45. Ke4 exd4 46. Rxd4
Re7+ 47. Kd3 Kxc5 48. Ra4 Rd7+ 49. Kc3 Kb5 50. Ra2 Rd6 51. Rb2+ Kxa6 52. Ra2+
Kb7 53. Kb4 Kb6 54. g4 g5 55. Rc2 a5+ 56. Kb3 Rd3+ 57. Rc3 Rxc3+ 58. Kxc3 Kb5
59. Kb3 Kc5 60. Ka4 Kd4 61. Kxa5 Ke4 62. Kb6 g6 63. Kc6 f5 64. Kd6 f4 65. Ke6
Kf3 66. Kf6 Kxf2 67. Kxg5 f3 0-1

[Event "C.to Europeo U10 femminile"]
[Site "Budva MNE"]
[Date "2013.10.08"]
[Round "9"]
[White "Schmidtmann, Samantha"]
[Black "Pannella, Maria Cristina"]
[Result "1-0"]
[WhiteElo "1391"]
[BlackElo "1458"]
[PlyCount "42"]
[EventDate "2013.09.29"]

1. e4 e5 2. Nf3 Nc6 3. Bc4 Nf6 4. Ng5 d5 5. exd5 b5 6. Bxb5 Qxd5 7. Bf1 h6 8.
Nc3 Qd7 9. Nge4 Nxe4 10. Nxe4 Bb7 11. Nc3 Bc5 12. Be2 O-O-O 13. O-O Kb8 14. d3
Nd4 15. Be3 Qc6 16. f3 Qg6 17. Qd2 Nxe2+ 18. Qxe2 Qb6 19. Bxc5 Qxc5+ 20. Kh1 f5
21. Rfe1 21... Rhe8 {...} 1-0

[Event "C.to Europeo U12"]
[Site "Budva MNE"]
[Date "2013.09.30"]
[Round "2"]
[White "Shevchenko, Kirill"]
[Black "Sonis, Francesco"]
[Result "1-0"]
[WhiteElo "2059"]
[BlackElo "1833"]
[PlyCount "103"]
[EventDate "2013.09.29"]

1. e4 c5 2. Nf3 d6 3. d4 cxd4 4. Nxd4 Nf6 5. Nc3 a6 6. Be3 e5 7. Nf3 Be7 8. Bc4
Be6 9. Bb3 Nc6 10. Bg5 Na5 11. Bxf6 Bxf6 12. Bd5 Nc6 13. O-O O-O 14. h3 Rc8 15.
Qd2 Qc7 16. Bb3 Na5 17. Rfd1 Be7 18. Ne1 Nc4 19. Bxc4 Qxc4 20. Nd5 Bxd5 21.
Qxd5 Qxd5 22. Rxd5 f5 23. exf5 Rxf5 24. c3 Rcf8 25. f3 Rg5 26. Kf2 Rg6 27. Nc2
Kf7 28. Rad1 Bh4+ 29. Kf1 Ke7 30. Ne3 Bg3 31. c4 e4 32. Nf5+ Rxf5 33. Rxf5 e3
34. Ke2 Bf2 35. g4 Re6 36. Rd4 Bg3 37. Re4 Be5 38. f4 Bxb2 39. Rxe6+ Kxe6 40.
Kxe3 Bf6 41. Rd5 b6 42. Ke4 g6 43. f5+ gxf5+ 44. Rxf5 h6 45. Rh5 Bg5 46. h4 Bc1
47. g5 hxg5 48. hxg5 b5 49. cxb5 axb5 50. g6 Kf6 51. Rxb5 Kxg6 52. a4 1-0

[Event "C.to Europeo U12"]
[Site "Budva MNE"]
[Date "2013.10.01"]
[Round "3"]
[White "Sonis, Francesco"]
[Black "Antonivs, Vladislavs"]
[Result "0-1"]
[WhiteElo "1833"]
[BlackElo "1714"]
[PlyCount "78"]
[EventDate "2013.09.29"]

1. e4 c5 2. Nf3 e6 3. d4 cxd4 4. Nxd4 a6 5. Nc3 Qc7 6. Bd3 Nc6 7. Nxc6 dxc6 8.
O-O e5 9. Be3 Nf6 10. f3 Be7 11. Qe2 Be6 12. Bc4 Bxc4 13. Qxc4 O-O 14. a4 b6
15. Rfd1 Rfd8 16. Rxd8+ Bxd8 17. Rd1 h6 18. Nd5 cxd5 19. Qxc7 Bxc7 20. exd5 Rd8
21. c4 a5 22. Rd3 Rd6 23. b3 Nd7 24. Bc1 Nc5 25. Re3 Rd7 26. g4 Bd6 27. Kg2 Na6
28. Bb2 f6 29. Bc3 Kf7 30. h4 Rc7 31. Kh3 Nc5 32. Bb2 Nd7 33. Re4 Bb4 34. Bc1
Bc3 35. Re2 Nc5 36. Bb2 Nd3 37. Bc1 Nxc1 38. Rc2 Nxb3 39. Rxc3 Nc5 0-1

[Event "C.to Europeo U12"]
[Site "Budva MNE"]
[Date "2013.10.02"]
[Round "4"]
[White "Grieve, Harry"]
[Black "Sonis, Francesco"]
[Result "0-1"]
[WhiteElo "1656"]
[BlackElo "1833"]
[PlyCount "72"]
[EventDate "2013.09.29"]

1. e4 c5 2. Nc3 d6 3. g3 Nc6 4. Bg2 g6 5. d3 Nf6 6. Nge2 Bg7 7. O-O O-O 8. f4
Rb8 9. h3 Bd7 10. Be3 b5 11. Qd2 b4 12. Nd1 a5 13. d4 cxd4 14. Nxd4 Nxd4 15.
Bxd4 Bb5 16. Re1 e5 17. Be3 Nh5 18. Kh2 exf4 19. gxf4 Qh4 20. c3 Bd7 21. Nf2
Bh6 22. f5 Qg3+ 23. Kh1 Bf4 24. Ng4 Bc6 25. Rad1 Kg7 26. f6+ Kh8 27. Qc2 Bxe3
28. Rxe3 Qf4 29. cxb4 Rfc8 30. Qd2 Ng3+ 31. Kg1 Bxe4 32. Bxe4 Nxe4 33. Qd5 Nxf6
34. Nxf6 Qxe3+ 35. Kh1 Qxh3+ 36. Kg1 Qg3+ 0-1

[Event "C.to Europeo U12"]
[Site "Budva MNE"]
[Date "2013.10.03"]
[Round "5"]
[White "Sonis, Francesco"]
[Black "Alexakis, Georgios"]
[Result "1/2-1/2"]
[WhiteElo "1833"]
[BlackElo "1724"]
[PlyCount "87"]
[EventDate "2013.09.29"]

1. e4 c5 2. Nc3 Nc6 3. d3 g6 4. g3 Bg7 5. Bg2 e6 6. Nge2 Nge7 7. Be3 d6 8. O-O
O-O 9. d4 cxd4 10. Nxd4 a6 11. Qd2 Ne5 12. Qe2 Qc7 13. Rad1 Nc4 14. Bc1 Rb8 15.
b3 Ne5 16. Bb2 N7c6 17. Nb1 b5 18. Nxc6 Nxc6 19. Bxg7 Kxg7 20. c3 Bb7 21. f4
Ne7 22. Rfe1 d5 23. e5 Qc5+ 24. Qf2 Rfc8 25. Rd3 Qxf2+ 26. Kxf2 a5 27. a3 h5
28. Nd2 Ba6 29. b4 a4 30. Nf3 Rc7 31. Ke3 Nc8 32. Nd2 Nb6 33. Rc1 Nc4+ 34. Nxc4
Rxc4 35. Rd4 Rc7 36. Kd2 Bc8 37. h3 Bd7 38. Rd3 Rh8 39. Rh1 Rc4 40. Rd4 Rcc8
41. h4 Rh7 42. Kd3 Rh6 43. Kc2 Rc7 44. Kd3 1/2-1/2

[Event "C.to Europeo U12"]
[Site "Budva MNE"]
[Date "2013.10.05"]
[Round "6"]
[White "Ramsdal, Lasse"]
[Black "Sonis, Francesco"]
[Result "1-0"]
[WhiteElo "1619"]
[BlackElo "1833"]
[PlyCount "67"]
[EventDate "2013.09.29"]

1. e4 c5 2. Nf3 d6 3. d4 cxd4 4. Nxd4 Nf6 5. Nc3 a6 6. Bc4 e6 7. f3 Qc7 8. Bb3
Nbd7 9. Be3 Nc5 10. Qd2 Be7 11. O-O-O Bd7 12. Kb1 O-O 13. h4 b5 14. h5 h6 15.
g4 Nh7 16. Rdg1 Nxb3 17. axb3 b4 18. Nce2 f6 19. Bxh6 gxh6 20. Qxh6 Rf7 21. Nf4
Bf8 22. Qg6+ Rg7 23. Ndxe6 Bxe6 24. Nxe6 Qf7 25. Nxg7 Qxg7 26. Qf5 Re8 27. f4
Qe7 28. Re1 Qe6 29. Qa5 Bh6 30. Rhf1 Kh8 31. Qxb4 Qxg4 32. Qxd6 Qxh5 33. Rh1
Qg6 34. Reg1 1-0

[Event "C.to Europeo U12"]
[Site "Budva MNE"]
[Date "2013.10.06"]
[Round "7"]
[White "Sonis, Francesco"]
[Black "Morgunov, Daniel"]
[Result "1/2-1/2"]
[WhiteElo "1833"]
[BlackElo "1713"]
[PlyCount "86"]
[EventDate "2013.09.29"]

1. e4 d6 2. d4 Nf6 3. Nc3 Nbd7 4. f4 e5 5. Nf3 exd4 6. Qxd4 c6 7. Bc4 d5 8.
exd5 Bc5 9. Qd3 Qe7+ 10. Qe2 Nb6 11. Qxe7+ Kxe7 12. Bb3 Nbxd5 13. Nxd5+ Nxd5
14. Bxd5 cxd5 15. Bd2 Re8 16. O-O-O Kf8 17. Rde1 Bf5 18. a3 Kg8 19. Rhf1 f6 20.
Nh4 Be4 21. Bb4 Bb6 22. Re2 Rac8 23. Rfe1 Rc6 24. Bc3 f5 25. Be5 d4 26. c3 dxc3
27. bxc3 Ba5 28. Kb2 Rb6+ 29. Ka2 Bd5+ 30. Ka1 Rb3 31. Nxf5 Rxa3+ 32. Kb2 Ra2+
33. Kb1 Rxe2 34. Rxe2 Bc4 35. Rd2 Rd8 36. Rxd8+ Bxd8 37. Nxg7 Bf1 38. g3 Bb6
39. Kc2 Bg1 40. h4 Bh2 41. g4 Bxf4 42. Bxf4 Kxg7 43. Kb3 Be2 1/2-1/2

[Event "C.to Europeo U12"]
[Site "Budva MNE"]
[Date "2013.10.07"]
[Round "8"]
[White "Baskakov, Egor"]
[Black "Sonis, Francesco"]
[Result "1/2-1/2"]
[WhiteElo "1697"]
[BlackElo "1833"]
[PlyCount "82"]
[EventDate "2013.09.29"]

1. Nf3 Nf6 2. b3 g6 3. Bb2 Bg7 4. g3 O-O 5. Bg2 d6 6. d4 c5 7. dxc5 Qa5+ 8.
Nbd2 Qxc5 9. O-O Nc6 10. Nc4 Be6 11. Ncd2 Rac8 12. Bxf6 Bxf6 13. Ne4 Qf5 14.
Nxf6+ Qxf6 15. c4 Rfd8 16. Ne1 d5 17. cxd5 Bxd5 18. Bxd5 Rxd5 19. Qxd5 Qxa1 20.
Qd7 Rb8 21. Qd2 Rd8 22. Nd3 Qf6 23. Qe3 Nd4 24. Rc1 Qd6 25. Nf4 e5 26. Nd3 f6
27. h3 Qa6 28. Rc7 Nxe2+ 29. Qxe2 Rxd3 30. Qc2 Rd8 31. Qc1 Rd6 32. Qh6 Rd1+ 33.
Kh2 Rh1+ 34. Kxh1 Qf1+ 35. Kh2 Qxf2+ 36. Kh1 Qf1+ 37. Kh2 Qf2+ 38. Kh1 Qf1+ 39.
Kh2 Qf2+ 40. Kh1 Qe1+ 41. Kh2 Qf2+ 1/2-1/2

[Event "C.to Europeo U12"]
[Site "Budva MNE"]
[Date "2013.10.08"]
[Round "9"]
[White "Sonis, Francesco"]
[Black "Nielsen, Andre"]
[Result "1-0"]
[WhiteElo "1833"]
[BlackElo "1692"]
[PlyCount "61"]
[EventDate "2013.09.29"]

1. e4 c5 2. Nf3 d6 3. Bb5+ Bd7 4. Bxd7+ Qxd7 5. O-O Nf6 6. Re1 Nc6 7. c3 g6 8.
d4 cxd4 9. cxd4 Bg7 10. Nc3 O-O 11. h3 Rad8 12. Be3 d5 13. e5 Ne8 14. Na4 b6
15. Rc1 f6 16. Bf4 fxe5 17. Bxe5 Nxe5 18. Nxe5 Bxe5 19. Rxe5 e6 20. b3 Nd6 21.
Qg4 Nf5 22. Rce1 Rf6 23. Nb2 Rc8 24. Nd3 Rc2 25. Nf4 Nxd4 26. Rxd5 Qc7 27. Rxd4
e5 28. Nd5 Qf7 29. Nxf6+ Qxf6 30. Rde4 h5 31. Qf3 1-0

[Event "C.to Europeo U12 femminile"]
[Site "Budva MNE"]
[Date "2013.09.29"]
[Round "1"]
[White "Antova, Gabriela"]
[Black "Juretic, Lejla"]
[Result "1-0"]
[WhiteElo "1712"]
[BlackElo "1446"]
[PlyCount "81"]
[EventDate "2013.09.29"]

1. d4 d5 2. c4 e6 3. Nf3 Nf6 4. Nc3 g6 5. Bg5 Bg7 6. e3 O-O 7. Bd3 Nbd7 8. cxd5
exd5 9. Nxd5 c6 10. Nxf6+ Nxf6 11. O-O Re8 12. Qc2 Be6 13. Ne5 Qc8 14. Rad1 Nd5
15. Nc4 Qd7 16. a3 f5 17. Bh4 Rac8 18. Ne5 Bxe5 19. dxe5 Qg7 20. Bg3 Rcd8 21.
e4 fxe4 22. Bxe4 Rf8 23. Qc5 a6 24. b4 Rd7 25. Rd2 Rfd8 26. Rfd1 Qf7 27. h3 Kg7
28. Rd4 b6 29. Qc1 Qe7 30. Bxd5 Bxd5 31. Bh4 Qxe5 32. Bxd8 Rxd8 33. Qf4 Qe6 34.
Qc7+ Rd7 35. Qxb6 Rf7 36. Rxd5 Qe2 37. Qd4+ Kg8 38. Rd8+ Rf8 39. Rxf8+ Kxf8 40.
Qf6+ Ke8 41. Rd8# 1-0

[Event "C.to Europeo U12 femminile"]
[Site "Budva MNE"]
[Date "2013.09.30"]
[Round "2"]
[White "Kozina, Anastasia"]
[Black "Giordano, Giulia"]
[Result "1-0"]
[WhiteElo "1772"]
[BlackElo "1620"]
[PlyCount "65"]
[EventDate "2013.09.29"]

1. e4 c5 2. Nf3 d6 3. d4 cxd4 4. Nxd4 Nf6 5. Nc3 a6 6. Bg5 e6 7. f4 Nbd7 8. Qf3
Qc7 9. g4 b5 10. a3 Bb7 11. Bg2 Be7 12. O-O-O Nc5 13. Qe2 Rc8 14. Bh4 Nfxe4 15.
Nxe4 Bxh4 16. Nxc5 dxc5 17. Bxb7 Qxb7 18. Nf5 Be7 19. Nxg7+ Kf8 20. Nh5 Qc7 21.
f5 Bg5+ 22. Kb1 e5 23. h4 Be7 24. f6 Bd6 25. Qd2 Rd8 26. Ng7 Qb8 27. Nf5 Bc7
28. Qh6+ Ke8 29. Ng7+ Kf8 30. Ne6+ Ke8 31. Qg7 Rxd1+ 32. Rxd1 fxe6 33. Qe7# 1-0

[Event "C.to Europeo U12 femminile"]
[Site "Budva MNE"]
[Date "2013.09.30"]
[Round "2"]
[White "Juretic, Lejla"]
[Black "Beshukova, Alina"]
[Result "0-1"]
[WhiteElo "1446"]
[BlackElo "1745"]
[PlyCount "86"]
[EventDate "2013.09.29"]

1. d4 Nf6 2. Nf3 g6 3. Bf4 d5 4. e3 Bg7 5. Nbd2 Nbd7 6. Bd3 c5 7. c3 O-O 8. O-O
a6 9. e4 dxe4 10. Nxe4 cxd4 11. cxd4 Nd5 12. Bg3 Qb6 13. Bc4 N5f6 14. Nxf6+
Nxf6 15. Qd3 Bf5 16. Qd2 Ne4 17. Qe3 Rfd8 18. Rfd1 Qxb2 19. Be5 Qc3 20. Bd3
Bxe5 21. dxe5 Nxf2 22. Kxf2 Rxd3 23. Rxd3 Qxd3 24. Qxd3 Bxd3 25. Rd1 Bb5 26.
Rc1 Rd8 27. Rc7 Rd7 28. Rc3 Bc6 29. a3 Bxf3 30. Kxf3 e6 31. Kf4 Rd2 32. Kg3 Re2
33. Rc7 Rxe5 34. Rxb7 Re3+ 35. Kh4 Rxa3 36. Kg5 Kg7 37. Kf4 a5 38. Ra7 a4 39.
h4 Ra1 40. g3 a3 41. Kg4 a2 42. Kg5 h6+ 43. Kg4 e5 0-1

[Event "C.to Europeo U12 femminile"]
[Site "Budva MNE"]
[Date "2013.10.01"]
[Round "3"]
[White "Dursun, Poyraz"]
[Black "Juretic, Lejla"]
[Result "1/2-1/2"]
[WhiteElo "1382"]
[BlackElo "1446"]
[PlyCount "118"]
[EventDate "2013.09.29"]

1. e4 e5 2. Nf3 Nf6 3. Nxe5 d6 4. Nf3 Nxe4 5. Qe2 Qe7 6. d3 Nf6 7. Bg5 Be6 8.
Nc3 Nbd7 9. Nb5 Nb6 10. Bxf6 gxf6 11. Nc3 O-O-O 12. O-O-O Re8 13. d4 Bh6+ 14.
Kb1 d5 15. Re1 Qd7 16. Qd1 Re7 17. Bd3 Rhe8 18. h3 a6 19. a3 Rg8 20. Rhg1 Rh8
21. Nd2 Nc4 22. Nxc4 dxc4 23. Be4 c6 24. Re2 f5 25. Bf3 Rd8 26. d5 cxd5 27. Qd4
Qd6 28. Rd1 Red7 29. Na2 Rc7 30. c3 Qc5 31. Qh4 Qf8 32. Nb4 Rcd7 33. Nc2 Qg7
34. Qd4 Kb8 35. Qxg7 Bxg7 36. Nd4 Bxd4 37. Rxd4 Ka7 38. g4 fxg4 39. hxg4 Rh8
40. Re5 Rhd8 41. Rh5 f6 42. Rh6 Rf7 43. Kc1 Kb6 44. Bd1 Rg8 45. Kd2 Kc6 46. Rf4
Rg6 47. Rh5 Rfg7 48. f3 Kd6 49. Bc2 Rg5 50. Rxh7 Rxh7 51. Bxh7 Ke5 52. Ke3 b5
53. Bc2 a5 54. Rxc4 dxc4 55. f4+ Kd5 56. fxg5 fxg5 57. Bd1 Ke5 58. Bf3 Bd7 59.
Bd1 a4 1/2-1/2

[Event "C.to Europeo U12 femminile"]
[Site "Budva MNE"]
[Date "2013.10.02"]
[Round "4"]
[White "Zhemchuzhina, Elizaveta"]
[Black "Giordano, Giulia"]
[Result "1/2-1/2"]
[WhiteElo "1684"]
[BlackElo "1620"]
[PlyCount "81"]
[EventDate "2013.09.29"]

1. d4 d5 2. c4 e5 3. dxe5 d4 4. f4 Bc5 5. Nf3 Ne7 6. a3 a5 7. Nbd2 Nbc6 8. Ne4
Ba7 9. b3 O-O 10. Ng3 f6 11. e4 dxe3 12. Qxd8 Nxd8 13. Ke2 fxe5 14. fxe5 Ndc6
15. Bxe3 Bxe3 16. Kxe3 Ng6 17. Be2 Ncxe5 18. Nxe5 Nxe5 19. Rhf1 Re8 20. Kf2 Bd7
21. Kg1 Rad8 22. Rad1 Bc6 23. Nf5 Be4 24. Ne7+ Kh8 25. Nd5 c6 26. Nc7 Rf8 27.
Rxf8+ Rxf8 28. Ne6 Re8 29. Nc5 Bc2 30. Rd2 b6 31. Rxc2 bxc5 32. Rd2 g6 33. Kf2
Kg7 34. Bf3 Rb8 35. Bd1 Re8 36. Bf3 Rb8 37. Bd1 Kf6 38. Rd6+ Ke7 39. Rd2 Ke6
40. h3 Kf6 41. Rd6+ 1/2-1/2

[Event "C.to Europeo U12 femminile"]
[Site "Budva MNE"]
[Date "2013.10.03"]
[Round "5"]
[White "Giordano, Giulia"]
[Black "Kochukova, Anna"]
[Result "0-1"]
[WhiteElo "1620"]
[BlackElo "1931"]
[PlyCount "122"]
[EventDate "2013.09.29"]

1. d4 Nf6 2. c4 e6 3. Nc3 Bb4 4. e3 d5 5. Bd3 c5 6. Nf3 dxc4 7. Bxc4 O-O 8. O-O
Nbd7 9. a3 cxd4 10. axb4 dxc3 11. bxc3 Qc7 12. Qb3 a6 13. Re1 Rb8 14. Bd3 b5
15. e4 e5 16. Nd2 Nb6 17. c4 bxc4 18. Nxc4 Be6 19. Be3 Nxc4 20. Qc3 Rfc8 21.
Rec1 Qb7 22. Bc5 Nxe4 23. Qe1 Nxc5 24. bxc5 Rxc5 25. Rab1 Qc7 26. Rxb8+ Qxb8
27. Qe4 f5 28. Qe2 Qc7 29. Qa2 Qd6 30. Qc2 e4 31. Bf1 Rc8 32. Qa2 Nb6 33. Rxc8+
Nxc8 34. Qc2 Qb6 35. h3 a5 36. Bc4 h6 37. Qa4 Kh7 38. Bxe6 Qxe6 39. Qxa5 Ne7
40. Qe1 Ng6 41. g3 f4 42. Kh2 e3 43. gxf4 Nxf4 44. Qxe3 Qxe3 45. fxe3 Nxh3 46.
Kxh3 Kg6 47. Kg4 Kf6 48. Kf4 g5+ 49. Kg4 Ke5 50. Kg3 h5 51. Kf3 g4+ 52. Kg3 Ke4
53. Kf2 h4 54. Ke2 g3 55. Kf1 Kxe3 56. Kg2 Ke2 57. Kg1 Kf3 58. Kh1 g2+ 59. Kg1
h3 60. Kh2 Kf2 61. Kxh3 g1=Q 0-1

[Event "C.to Europeo U12 femminile"]
[Site "Budva MNE"]
[Date "2013.10.05"]
[Round "6"]
[White "Juretic, Lejla"]
[Black "Coman, Emilia-Florentina"]
[Result "0-1"]
[WhiteElo "1446"]
[BlackElo "1666"]
[PlyCount "112"]
[EventDate "2013.09.29"]

1. d4 d5 2. Nf3 Nf6 3. Bf4 c5 4. e3 Nc6 5. c3 Qb6 6. Qc1 Bf5 7. Nbd2 e6 8. h3
Be7 9. Be2 O-O 10. O-O Rac8 11. Re1 h6 12. Bd1 Ne4 13. Bc2 Nxd2 14. Nxd2 Bxc2
15. Qxc2 cxd4 16. exd4 Nxd4 17. Qd3 Nf5 18. Rab1 Bc5 19. Rf1 Rfd8 20. Nb3 Bd6
21. Bd2 Qc7 22. Rfe1 Bf4 23. Rbd1 Bxd2 24. Rxd2 Nd6 25. Rde2 Nc4 26. Qf3 e5 27.
Nd4 e4 28. Qf5 g6 29. Qf6 Qd6 30. Qh4 Kg7 31. Qg4 Qd7 32. Qg3 Ne5 33. Qxe5+ Kg8
34. Qg3 Kh7 35. f3 f5 36. fxe4 dxe4 37. Rd2 Qf7 38. Red1 a6 39. Nb3 Rxd2 40.
Rxd2 Re8 41. Qe3 f4 42. Qe2 h5 43. Nc5 Qxa2 44. Rd7+ Kh6 45. Nxe4 Qb1+ 46. Kh2
Rxe4 47. Qf3 b5 48. h4 Qe1 49. Rd4 Qxh4+ 50. Qh3 Qxh3+ 51. Kxh3 Rxd4 52. cxd4
Kg5 53. d5 Kf5 54. Kh4 Ke5 55. Kg5 Kxd5 56. Kxg6 h4 0-1

[Event "C.to Europeo U12 femminile"]
[Site "Budva MNE"]
[Date "2013.10.05"]
[Round "6"]
[White "Hrysogelou, Athanasia-Panagiota"]
[Black "Giordano, Giulia"]
[Result "0-1"]
[WhiteElo "1384"]
[BlackElo "1620"]
[PlyCount "84"]
[EventDate "2013.09.29"]

1. e4 c5 2. Nf3 d6 3. d4 cxd4 4. Nxd4 Nf6 5. Nc3 a6 6. Bg5 e6 7. f4 Be7 8. Qf3
Qc7 9. O-O-O Nbd7 10. g4 b5 11. Bxf6 Nxf6 12. g5 Nd7 13. f5 Bxg5+ 14. Kb1 e5
15. Nd5 Qb7 16. Qh5 Bh6 17. Ne6 Nf6 18. Nxf6+ gxf6 19. Qxh6 fxe6 20. fxe6 Qe7
21. Bh3 Bxe6 22. Bxe6 Qxe6 23. Rhf1 Kf7 24. Rg1 Rag8 25. Rxg8 Rxg8 26. Qxh7+
Rg7 27. Qh5+ Ke7 28. b3 Qg4 29. Qxg4 Rxg4 30. Re1 Rg2 31. h3 Rg3 32. h4 Rh3 33.
Kb2 Rxh4 34. Re2 Rh3 35. Ka3 a5 36. Kb2 Ke6 37. Kc1 d5 38. exd5+ Kxd5 39. Rf2
Ke6 40. Kd2 e4 41. Re2 Kd5 42. Rf2 e3+ 0-1